A Magyar Telekom egy készletgazdálkodási problémájának megoldása

Bibliográfiai részletek
Szerző: Rátkai Gergő József
További közreműködők: Bányai Dr. Kornél
Dokumentumtípus: Diplomadolgozat
Kulcsszavak:6 Sigma
készletgazdálkodás
logisztika
Magyar Telekom Nyrt.
Router
Wi-Fi
Online Access:http://dolgozattar.uni-bge.hu/59729

MARC

LEADER 00000nta a2200000 i 4500
001 dolg59729
005 20260409145503.0
008 260409suuuu hu om 000 hun d
040 |a BGE Dolgozattár Repozitórium  |b hun 
041 |a hu 
100 1 |a Rátkai Gergő József 
245 1 2 |a A Magyar Telekom egy készletgazdálkodási problémájának megoldása  |c Rátkai Gergő József  |h [elektronikus dokumentum] 
520 3 |a A szakdolgozatom, és a dolgozatírás közben végzett kutatásom célja az volt, hogy az olvasóval megismertessem a Magyar Telekomál fennálló komplex logisztikai probléma összes aspektusát, betekintést engedjek az olvasónak a probléma technikai hátterébe, ismertessem a probléma észlelésének, megtalálásának, és a megoldások keresésének folyamatát, majd bemutassam a vállalat által választott megoldást. A dolgozat első részében bevezettem az olvasót a Wi-Fi routerekkel kapcsolatos alapinformációk világába, amelyek ismeretében sokkal egyszerűbb megérteni a fennálló komplex problémát. Ezek után felvázoltam a probléma hatásait, amelyek mentén meg kellett keresni a probléma gyökereit, majd megismertettem az olvasóval a 6 Sigma módszertant, amely hatalmas segítség volt ebben. Ezután következett a problémára megoldására felvetett ötletek bemutatása, ahol kifejtettem néhány olyan megoldási javaslatot, amelyek bár elsőre logikusnak bizonyultak, de megvizsgálva őket kiderült, nem megvalósíthatóak. Ezek után a legjobb megoldási javaslatok kiválogatása következett, a legjobb felvetések vezetőség általi elfogadása, és azok végbevitele. A mérési adatok meghatározása és elemzése segítségével, a vállalat dolgozói által már korábban is használt programok felhasználásával lehetett végbe vinni ezeket a megoldási javaslatokat. Végül az új elosztási logika bevezetése, majd a visszaellenőrzés, a célértékek elérésének ellenőrzése következett. Mindezek után pedig megfogalmaztam a véleményem a megoldásról, majd pedig egy másik felhasználási területet is kijelöltem, ahol a projekt által tanult módszerek segíthetnek a vállalat működésében és fejlődésében. 
695 |a 6 Sigma 
695 |a készletgazdálkodás 
695 |a logisztika 
695 |a Magyar Telekom Nyrt. 
695 |a Router 
695 |a Wi-Fi 
700 1 |a Bányai Dr. Kornél  |e ths 
856 4 0 |u http://dolgozattar.uni-bge.hu/59729/1/Szakdolgozat%20-%20RO6CVQ.pdf  |z Dokumentum-elérés 
856 4 0 |u http://dolgozattar.uni-bge.hu/59729/2/Titkos%C3%ADt%C3%A1si%20k%C3%A9relem.pdf  |z Dokumentum-elérés 
856 4 0 |u http://dolgozattar.uni-bge.hu/59729/3/R%C3%A1tkai_Gerg%C5%91_b%C3%ADr%C3%A1lat.pdf  |z Dokumentum-elérés 
856 4 0 |u http://dolgozattar.uni-bge.hu/59729/4/RatkaiGergoJozsef_bir%C3%A1lat_SK.pdf  |z Dokumentum-elérés